000 00844nam a2200277Ia 4500
003 OSt
005 20220912150109.0
006 a|||||r|||| 00| 0
007 ta
008 220909b |||||||| |||| 00| 0 eng d
020 _a06312825X (pbk)
024 _a13207
037 _b76846, 31/12/2004, International Book Agency
037 _cTextual
040 _aCSL
_beng
_cCSL
041 _aeng
082 _aNA,6, P4
100 _aCarbonell Bettina Messias Ed.
245 0 _aMuseum studies: an anthology of contexts
260 _aAustralia
_bBlackwell Publishing
_c2004
300 _axxxiii,640p.
_ccm.
500 _aBibliography 581-599p; Index 600-640p
650 _aMuseum
942 _hNA,6, P4
_cTEXL
_2CC
999 _c39562
_d39562